00600 a2200241 4500260001000000630002100010037001300031650002000044100001900064440000700083260003500090245008000125300001100205650003700216650001900253260000900272300001000281100000800291440001500299037001200314440001400326020001800340 aParis a82 - Litterature b1, Achat a8 - LITTERATURE aGuerreschi, J. n24 bMaison des Sciences de l'Homme aActing therapy et fin du théâtre : reflexions sur le trajet grotowskien a159 p. aMetteur en scène : théâtre aArt dramatique c1978 b24 cm lFr. aCert-Circe aL 11665 x0398-9631 a2-85892-017-6